[Event "Foment Martinenc op-B 24th"]
[Site "Barcelona"]
[Date "2024.05.25"]
[Round "6"]
[White "Ruiz Saez, Josep Maria"]
[Black "Toscano Gaviria, Mateo"]
[Result "1/2-1/2"]
[WhiteElo "1717"]
[BlackElo "1527"]
[PlyCount "73"]
[EventDate "2024.04.20"]
[EventType "swiss"]
[EventRounds "9"]
[EventCountry "ESP"]
[SourceTitle "CBM 220 Extra"]
[Source "ChessBase"]
[SourceDate "2024.07.31"]
[SourceVersion "1"]
[SourceVersionDate "2024.07.31"]
[SourceQuality "1"]

1. e4 e5 2. Nf3 Nc6 3. Bb5 Nge7 4. c3 Ng6 5. d4 exd4 6. cxd4 d5 7. e5 f6 8. 0-0 Bg4 9. h3 Bxf3 10. Qxf3 fxe5 11. dxe5 Ngxe5 12. Re1 Qf6 13. Qxd5 Rd8 14. Qxe5+ Qxe5 15. Rxe5+ Be7 16. Bxc6+ bxc6 17. Nc3 h6 18. Be3 a6 19. Bc5 Rd7 20. Rae1 0-0 21. Rxe7 Rxe7 22. Rxe7 Rf5 23. Bd4 Rg5 24. Ne4 Rg6 25. f4 Kf8 26. Rxc7 Re6 27. Bxg7+ Kg8 28. Nf6+ Rxf6 29. Bxf6 a5 30. Bc3 a4 31. f5 h5 32. Rxc6 a3 33. b4 h4 34. b5 Kf7 35. Rc7+ Ke8 36. f6 Kf8 37. f7 1/2-1/2

[Event "Foment Martinenc op-B 24th"]
[Site "Barcelona"]
[Date "2024.05.11"]
[Round "4"]
[White "Ruiz Saez, Josep Maria"]
[Black "Guzman Lopez, Leonardo"]
[Result "0-1"]
[WhiteElo "1717"]
[BlackElo "1599"]
[PlyCount "70"]
[EventDate "2024.04.20"]
[EventType "swiss"]
[EventRounds "9"]
[EventCountry "ESP"]
[SourceTitle "CBM 220 Extra"]
[Source "ChessBase"]
[SourceDate "2024.07.31"]
[SourceVersion "1"]
[SourceVersionDate "2024.07.31"]
[SourceQuality "1"]

1. e4 e6 2. d4 d5 3. e5 c5 4. c3 Nc6 5. Nf3 Nge7 6. a3 Nf5 7. b4 cxd4 8. cxd4 Qb6 9. Be3 Nxe3 10. fxe3 Be7 11. Bd3 0-0 12. 0-0 f6 13. Nc3 fxe5 14. Na4 Qc7 15. b5 e4 16. bxc6 exd3 17. cxb7 Bxb7 18. Qxd3 Qa5 19. Nc3 Ba6 20. Qd2 Bxf1 21. Kxf1 Bb4 22. Qd3 Bxc3 23. Ra2 Bb4 24. Ke2 Be7 25. Ne5 a6 26. Nc6 Qc7 27. Rc2 Qb7 28. a4 Rac8 29. Nxe7+ Qxe7 30. Rxc8 Rxc8 31. Qxa6 Qd7 32. Kd3 Qc6 33. Qxc6 Rxc6 34. e4 Kf7 35. g4 Ra6 0-1